Normal view
MARC view
- Smith, P. R.
Entry Personal Name
001 - CONTROL NUMBER
- control field: 34808
003 - CONTROL NUMBER IDENTIFIER
- control field: OSt
005 - DATE AND TIME OF LATEST TRANSACTION
- control field: 20141028135624.0
008 - FIXED-LENGTH DATA ELEMENTS
- fixed length control field: 140109|| aca||aabn | a|a d
040 ## - CATALOGING SOURCE
- Original cataloging agency: OSt
- Transcribing agency: OSt
100 1# - HEADING--PERSONAL NAME
- Personal name: Smith, P. R.
- Fuller form of name: (Paul Russell),
- Dates associated with a name: 1957-
400 1# - SEE FROM TRACING--PERSONAL NAME
- Personal name: Smith, Paul Russell,
- Dates associated with a name: 1957-
400 1# - SEE FROM TRACING--PERSONAL NAME
- Personal name: Smith, Paul
- Fuller form of name: (Paul Russell),
- Dates associated with a name: 1957-
670 ## - SOURCE DATA FOUND
- Source citation: Work cat.: (OSt)0: Chaffey, Dave, 1963- 12830, Emarketing excellence :, 2013.